000 00652nmm a2200169Ia 4500
008 251105s9999||||xx |||||||||||||||||und||
020 _a9788437098562
041 _aspa
100 _aCalvo García de Leonardo, Juan José
245 0 _aTraslación, agresión y trasgresión :
_b Guerra y sexo ilícito en doce extractos de Hemingway, Mailer, Updike y Nabokov
264 _a[Madrid, España] :
_bPublicaciones de la Universidad de Valencia (PUV),
_c2015
300 _a210 páginas
490 _aBiblioteca Javier Coy d'estudis Nord-Americans
650 _aLiterary History
856 _uhttps://public.digitaliapublishing.com/a/44376
942 _cCF
999 _c82705
_d82705